Centroamérica en una encrucijada /

Tallennettuna:
Bibliografiset tiedot
Päätekijä: Saborío, Sylvia
Muut tekijät: Michalopoulos, Constantine
Aineistotyyppi: Teksti
Aiheet:
Tagit: Lisää tagi
Ei tageja, Lisää ensimmäinen tagi!

MARC

LEADER 00000 a a2200000 04500
001 16147
003
040
100 |a Saborío, Sylvia  
245 |a Centroamérica en una encrucijada /  |c Sylvia Saborío ; Constantine Michalopoulos 
650 |a LIBRE COMERCIO  
650 |a GATT  
650 |a CRISIS  
650 |a MCCA  
650 |a DESARROLLO  
650 |a INDUSTRIALIZACION  
650 |a IMPORTACIONES  
650 |a EXPORTACIONES  
650 |a COMERCIO INTERNACIONAL  
650 |a ZONAS DE LIBRE COMERCIO  
650 |a ARANCELES  
650 |a IMPORTACIONES  
650 |a EXPORTACIONES  
700 |a Michalopoulos, Constantine  
773 |g número 49; páginas 151-185  
999 |c 37509  |d 37509